Th-MS-Mechanistic study of interaction between HCV and host Genes involved in ER stress and insulin resistance (Record no. 523529)
[ view plain ]
| 000 -LEADER | |
|---|---|
| fixed length control field | 00690nam a22001697a 4500 |
| 003 - CONTROL NUMBER IDENTIFIER | |
| control field | NUST |
| 005 - DATE AND TIME OF LATEST TRANSACTION | |
| control field | 20190402070805.0 |
| 008 - FIXED-LENGTH DATA ELEMENTS--GENERAL INFORMATION | |
| fixed length control field | 190402b ||||| |||| 00| 0 eng d |
| 038 ## - RECORD CONTENT LICENSOR | |
| Staff Name | ASAB |
| 082 ## - DEWEY DECIMAL CLASSIFICATION NUMBER | |
| Classification number | Thesis 2012 |
| 100 ## - MAIN ENTRY--PERSONAL NAME | |
| Personal name | Qazi Laeeque Ahmed-sup-Dr. Sobia Manzoor |
| 9 (RLIN) | 14057 |
| 245 ## - TITLE STATEMENT | |
| Title | Th-MS-Mechanistic study of interaction between HCV and host Genes involved in ER stress and insulin resistance |
| Statement of responsibility, etc. | by Qazi Laeeque Ahmed-sup-Dr. Sobia Manzoor |
| 260 ## - PUBLICATION, DISTRIBUTION, ETC. | |
| Place of publication, distribution, etc. | Islamabad, |
| Name of publisher, distributor, etc. | Atta Ur Rahman School of applied biosciences NUST. |
| Date of publication, distribution, etc. | 2012. |
| 300 ## - PHYSICAL DESCRIPTION | |
| Extent | 74 P. ; |
| 630 ## - SUBJECT ADDED ENTRY--UNIFORM TITLE | |
| Uniform title | Healthcare Biotechnology |
| Title of a work | HCV and host genes involved in ER stress and insulin resistance. |
| 9 (RLIN) | 14058 |
| 942 ## - ADDED ENTRY ELEMENTS (KOHA) | |
| Source of classification or shelving scheme | |
| Koha item type | Thesis |
| Withdrawn status | Lost status | Source of classification or shelving scheme | Damaged status | Not for loan | Permanent Location | Current Location | Date acquired | Total Checkouts | Full call number | Barcode | Date last seen | Price effective from | Koha item type | Shelving location |
|---|---|---|---|---|---|---|---|---|---|---|---|---|---|---|
| Atta-ur-Rahman School of Applied Biosciences (ASAB) | Atta-ur-Rahman School of Applied Biosciences (ASAB) | 04/02/2019 | Thesis 2012 QLA | ASABMS-26-12 | 04/02/2019 | 04/02/2019 | Thesis | |||||||
| Central Library (CL) | Central Library (CL) | 01/16/2020 | 616 Thesis 2012 | CL-T-4661 | 01/16/2020 | 01/16/2020 | Thesis | Thesis | ||||||
| Central Library (CL) | Central Library (CL) | 01/28/2020 | 616 | CL-T-4804 | 01/28/2020 | 01/28/2020 | Thesis | Thesis |
